[Event "Enger Spenge op"]
[Site "Enger Spenge"]
[Date "1998.??.??"]
[Round "4"]
[White "Pollmann, Sascha"]
[Black "Henke, Walter"]
[Result "1-0"]
[WhiteElo "2185"]
[BlackElo "2115"]
[PlyCount "37"]
[EventDate "1998.??.??"]
[EventType "swiss"]
[EventRounds "7"]
[EventCountry "GER"]
[SourceTitle "EXT 2001"]
[Source "ChessBase"]
[SourceDate "2000.11.22"]
[SourceVersion "1"]
[SourceVersionDate "2000.11.22"]
[SourceQuality "1"]

1. c4 g6 2. Nf3 Bg7 3. Nc3 d6 4. d4 Nd7 5. e4 e5 6. Be2 Ne7 7. 0-0 0-0 8. Re1 f5 9. dxe5 Nxe5 10. Nxe5 dxe5 11. Qxd8 Rxd8 12. Bg5 Re8 13. Nb5 b6 14. Nxc7 Bb7 15. Nxa8 Bxa8 16. Bxe7 Rxe7 17. exf5 gxf5 18. Rad1 Bc6 19. Rd6 1-0